| 000 | 00336nam a22001337a 4500 | ||
|---|---|---|---|
| 080 | _a35 (82) L 871 | ||
| 100 | _aLòpez. Lucio V. | ||
| 245 | _aDereho Administrativo Argentino | ||
| 260 |
_aBuenos Aires _bImprenta de la Naciòn _c1902 |
||
| 300 | _a473 P. | ||
| 650 | _xderecho administrativo | ||
| 945 |
_acd _d2015-03-25 |
||
| 999 |
_c3645 _d234149 |
||
| 942 | _6_ | ||